=LDR 00000nam 2200000 4500 =001 INLIS000000000034892 =005 20241001013808 =035 ##$$a 0010-061300000034892 =008 241001###########################0#ind## =041 ##$$a ind =082 ##$$a 028.5 =090 ##$$a 028.5, Aus a =100 ##$$a Ausop, Asep Zaenal =245 1#$$a Allah Tuhanku islam agamaku, /$c KH. Asep Zaenal Ausop =260 ##$$a Jakarta :$b Ananda Baika,$c 2008 =300 ##$$a vi,42 hlm. : $b Ilus. ; $c 24 x 18 cm =650 #4$$a Bacaan Anak-Anak =850 ##$$a NBPNMAT =020 ##$$a 978-979-1948-51-7 =084 ##$$a 028.5 AUS a =250 ##$$a Cet. 1 =504 ##$$a Bibliografi hlm. 42 =990 ##$$a 15741574 =990 ##$$a 21010526